书目信息 |
| 题名: |
别太想我哦!
|
|
| 作者: | 武艺 著 ;蔡辉 摄影 | |
| 分册: | ||
| 出版信息: | 长沙 湖南文艺出版社 2014 |
|
| 页数: | 190页 | |
| 开本: | 23cm | |
| 丛书名: | ||
| 单 册: | ||
| 中图分类: | I267.4 , J423 | |
| 科图分类: | ||
| 主题词: | 游记--作品集--中国--当代 , 人像摄影--摄影集--中国--现代 | |
| 电子资源: | ||
| ISBN: | 978-7-5404-6656-5 | |
| 000 | 00863nam0 2200289 450 | |
| 001 | 339017 | |
| 005 | 20150604151434.21 | |
| 010 | @a978-7-5404-6656-5@dCNY45.00 | |
| 100 | @a20141229d2014 em y0chiy50 ea | |
| 101 | 0 | @achi |
| 102 | @aCN@b430000 | |
| 105 | @aa z 000cy | |
| 106 | @ar | |
| 200 | 1 | @a别太想我哦!@Abie tai xiang wo o!@f武艺著@g蔡辉摄影 |
| 210 | @a长沙@c湖南文艺出版社@d2014 | |
| 215 | @a190页@c图, 照片@d23cm | |
| 312 | @a封面英文共同题名:Don't miss me too much! | |
| 512 | 1 | @a别太想我哦!@Abie tai xiang wo o!@e东瀛纪行@i关西篇 |
| 517 | 1 | @a东瀛纪行@Adong ying ji xing |
| 606 | 0 | @a游记@x作品集@y中国@z当代 |
| 606 | 0 | @a人像摄影@x摄影集@y中国@z现代 |
| 690 | @aI267.4@v5 | |
| 690 | @aJ423@v5 | |
| 701 | 0 | @a武艺@Awu yi@4著 |
| 702 | 0 | @a蔡辉@Acai hui@4摄影 |
| 801 | 0 | @aCN@b卓展宏图@c20150525 |
| 905 | @dI267.4@e1662@f5 | |
| 别太想我哦!/武艺著/蔡辉摄影.-长沙:湖南文艺出版社,2014 |
| 190页:图, 照片;23cm |
| ISBN 978-7-5404-6656-5:CNY45.00 |
| ● |
| 相关链接 |
|
|
|
|
正题名:别太想我哦!
索取号:I267.4/1662
 
预约/预借
| 序号 | 登录号 | 条形码 | 馆藏地/架位号 | 状态 | 备注 |
| 1 | 858956 | 208589561 | 第一样本阅览室/ [索取号:I267.4/1662] | 在馆 | |
| 2 | 858957 | 208589570 | 第二借阅区/ [索取号:I267.4/1662] | 在馆 | |
| 3 | 858958 | 208589589 | 第二借阅区/ [索取号:I267.4/1662] | 在馆 | |
| 4 | 858959 | 208589598 | 教育系资料室/ [索取号:I267.4/1662] | 在馆 | |
| 5 | 858960 | 208589605 | 教育系资料室/ [索取号:I267.4/1662] | 在馆 |